Collapse : (Record no. 2706)

MARC details
000 -LEADER
fixed length control field 01572cam a22003134a 4500
001 - CONTROL NUMBER
control field 2706
003 - CONTROL NUMBER IDENTIFIER
control field FISKH
005 - DATE AND TIME OF LATEST TRANSACTION
control field 20240110140155.0
008 - FIXED-LENGTH DATA ELEMENTS--GENERAL INFORMATION
fixed length control field 040813s2005 nyuabf b 001 0 eng
010 ## - LIBRARY OF CONGRESS CONTROL NUMBER
LC control number 2004057152
020 ## - INTERNATIONAL STANDARD BOOK NUMBER
International Standard Book Number 0670033375
020 ## - INTERNATIONAL STANDARD BOOK NUMBER
International Standard Book Number 9780140279511
040 ## - CATALOGING SOURCE
Original cataloging agency DLC
Transcribing agency DLC
Modifying agency DLC
Language of cataloging eng
042 ## - AUTHENTICATION CODE
Authentication code pcc
050 00 - LIBRARY OF CONGRESS CALL NUMBER
Classification number HN13
Item number .D5 2005
082 00 - DEWEY DECIMAL CLASSIFICATION NUMBER
Classification number 304.2/8
Edition number 22
100 1# - MAIN ENTRY--PERSONAL NAME
Personal name Diamond, Jared M.
245 10 - TITLE STATEMENT
Title Collapse :
Remainder of title how societies choose to fail or succeed /
Statement of responsibility, etc. Jared Diamond.
250 ## - EDITION STATEMENT
Edition statement This Edition published in 2006
260 ## - PUBLICATION, DISTRIBUTION, ETC.
Place of publication, distribution, etc. New York :
Name of publisher, distributor, etc. Penguin Books,
Date of publication, distribution, etc. 2005.
300 ## - PHYSICAL DESCRIPTION
Extent 575 pages :
Other physical details maps ; illustrations ;
Dimensions 21 cm
504 ## - BIBLIOGRAPHY, ETC. NOTE
Bibliography, etc. note Includes bibliographical references (p. [529]-560) and index.
520 ## - SUMMARY, ETC.
Summary, etc. What caused some of the great civilizations of the past to collapse into ruin, and what can we learn from their fates? Diamond weaves an all-encompassing global thesis through a series of historical-cultural narratives. Moving from the prehistoric Polynesian culture of Easter Island to the formerly flourishing Native American civilizations of the Anasazi and the Maya, the doomed medieval Viking colony on Greenland, and finally to the modern world, Diamond traces a pattern of catastrophe, spelling out what happens when we squander our resources, when we ignore the signals or environment gives us.
650 #0 - SUBJECT ADDED ENTRY--TOPICAL TERM
Topical term or geographic name entry element Social history
Form subdivision Case studies.
650 #0 - SUBJECT ADDED ENTRY--TOPICAL TERM
Topical term or geographic name entry element Social change
Form subdivision Case studies.
650 #0 - SUBJECT ADDED ENTRY--TOPICAL TERM
Topical term or geographic name entry element Environmental policy
Form subdivision Case studies.
906 ## - LOCAL DATA ELEMENT F, LDF (RLIN)
a 7
b cbc
c orignew
d 1
e ocip
f 20
g y-gencatlg
942 ## - ADDED ENTRY ELEMENTS (KOHA)
Source of classification or shelving scheme Dewey Decimal Classification
Koha item type Books
Suppress in OPAC No
Holdings
Withdrawn status Lost status Source of classification or shelving scheme Damaged status Not for loan Collection Home library Current library Shelving location Date acquired Total Checkouts Full call number Barcode Date last seen Price effective from Koha item type
    Dewey Decimal Classification     Non-Fiction Footprints International School Library Network Toul Kork Campus Footprints International School Library Network Toul Kork Campus   01/10/2024   DIA 304.28 HN13 FISSE03320 01/10/2024 01/10/2024 Books